000 01356cam a2200361 a 4500
999 _c234144
_d234144
001 13885925
003 Nust
005 20170314130707.0
008 050301s2005 ne a b 001 0 eng d
010 _a 2005271919
020 _a0122841514
035 _a(OCoLC)ocm56931991
040 _aIUA
_cASAB
_dCUS
_dDLC
042 _alccopycat
043 _an-us---
050 0 0 _aHD9999.B443
_bU6385 2005
082 0 0 _a660.6
_222
100 1 _aGimble, Jeffrey M.
245 1 0 _aAcademia to biotechnology :
_bcareer changes at any stage /
_cJeffrey M. Gimble.
260 _aAmsterdam ;
_aBoston :
_bElsevier Academic Press,
_cc2005.
300 _axvi, 169 p. :
_bill. ;
_c23 cm.
504 _aIncludes bibliographical references and index.
650 0 _aBiotechnology industries
_zUnited States.
650 0 _aScientists
_xEducation (Higher)
_zUnited States.
650 0 _aCareer changes
_zUnited States.
650 2 _aBiotechnology.
650 2 _aDrug Industry.
650 2 _aResearch Personnel.
650 2 _aFaculty.
650 2 _aCareer Mobility.
856 4 2 _3Publisher description
_uhttp://www.loc.gov/catdir/enhancements/fy0626/2005271919-d.html
906 _a7
_bcbc
_ccopycat
_d2
_encip
_f20
_gy-gencatlg
942 _2ddc
_cBK